Decrets i resolucions d'urbanisme
ISBN:
84-393-2343-3
Publicado:
Barcelona :
Generalitat de Catalunya. Departament de Política Territorial i Obres Públiques. Direcció General d'Urbanisme ,
1993
Descripción Física:
675 p. ; 21 cm
Colección:
Legislació i disposicions d'urbanisme ; 18
Otros Autores:
Catalunya. Direcció General d'Urbanisme
MARC
| LEADER | 00000nam a2200000Ia 4500 | ||
|---|---|---|---|
| 001 | 18381 | ||
| 008 | 160829s1993 xx 000 0 cat d | ||
| 020 | |a 84-393-2343-3 | ||
| 080 | |a D-3-134 | ||
| 100 | |a Catalunya. Lleis, etc. |9 35754 | ||
| 245 | |a Decrets i resolucions d'urbanisme | ||
| 260 | |a Barcelona : |b Generalitat de Catalunya. Departament de Política Territorial i Obres Públiques. Direcció General d'Urbanisme, |c 1993 | ||
| 300 | |a 675 p. ; |c 21 cm | ||
| 490 | |a Legislació i disposicions d'urbanisme ; 18 | ||
| 650 | |a Dret urbanístic |x Legislació |x Catalunya |9 24332 | ||
| 700 | |a Catalunya. Direcció General d'Urbanisme |9 19611 | ||
| 901 | |a Arxiu | ||
| 942 | |n 1 | ||
| 952 | |0 1 |1 0 |2 udc |4 0 |5 2 |6 D3134 |7 1 |9 43090 |a Arxiu |b Arxiu |d 2016-12-01 |l 0 |o D-3-134 |p 18381 |r 2016-12-01 00:00:00 |w 2016-12-01 |y ARXIU | ||
| 999 | |c 45634 |d 45634 | ||